000 00591nam a2200181 i 4500
001 146108
003 ES-MaACL
005 20250903024812.0
007 t|
008 070731s1971 sp ||||1| spa d
100 1 _aTorres Iglesias, Miguel.
_9110972
245 1 0 _aSobre los grupos finitos n - separables /
_cMiguel Torres Iglesias.
260 _aZaragoza :
_bSeminario Matemático García de Galdeano,
_c1971.
300 _a35 p. ;
_c24 cm.
710 2 _aSeminario Matemático García de Galdeano
_96565
852 _aES-MaACL
_j2083-F-13
_bR.80432
999 _c146108
_d146108